00288nam a2200121Ia 4500008004100000041000900041082001900050100002700069245001900096260003500115300000800150650000800158230718s9999 xx 000 0 und d aEng. a346.043bGAU-G aGaunt, Q. C. Jonathan  0aGall Easements aPakistanbSweet and Maudc1997 a623 aLaw